000 00462nam a22001817a 4500
003 NUST - PNEC
005 20170116181052.0
008 150930b xxu||||| |||| 00| 0 eng d
020 _a-
040 _cLIBRARY
082 _a621.2 VAS
100 _911945
_aVasandani, V. P.Dr
245 _aHydraulic machines : theory and design
_cV. P.Dr.Vasandani
250 _a-
260 _cc.1988
650 _911946
_aHydraulic engineering
_xME, IME
942 _2ddc
_cBK
999 _c68443
_d68443